000 00682nai a2200181Ia 4500
003 IN-BaIIA
008 211028c9999 xx s 000 0 eng d
022 _a1553-877X (Print)
040 _cIIA Library
245 0 _aIEEE Communications Surveys
_h[eJournal]
260 _aNew York, USA
_bThe Institute of Electrical and Electronics Engineers, Inc. (IEEE)
310 _a3/year
362 _a1(1); 1998 - 2(3); 1999
521 _bSubscribed through National Knowledge Resource Consortium (NKRC)
650 _aCommunication, Networking and Broadcast Technologies
856 _uhttps://ieeexplore.ieee.org/servlet/opac?punumber=7041148
_yClick Here to Access eJournal
942 _cEJ
999 _c34481
_d34481